Southville International School and Colleges
Your cart is empty.
  • Cart
  • Lists
    Public lists Eva Luna New books Lux_list list_1
    Your lists Log in to create your own lists
  • Log in to your account
  • Your cookies
  • Search history
Southville International School and Colleges
  • Advanced search
  • Recent comments
  • Most popular
  • Libraries

Log in to your account

Log in with GOOGLE


If you do not have an external account, but do have a local account, you can still log in:

  1. Home
  2. MARC view: The playground problem /
Normal view MARC view ISBD view

The playground problem / (Record no. 105622)

[ view plain ]
MARC details
000 -LEADER
fixed length control field 00750nam a2200217 a 4500
005 - DATE AND TIME OF LATEST TRANSACTION
control field 20140412111409.0
008 - FIXED-LENGTH DATA ELEMENTS--GENERAL INFORMATION
fixed length control field 070718s19uu xx 00 eng d
020 ## - INTERNATIONAL STANDARD BOOK NUMBER
International Standard Book Number 0-68985876-0
050 ## - LIBRARY OF CONGRESS CALL NUMBER
Classification number TR(PS E
Item number Pl69 2004
100 ## - MAIN ENTRY--PERSONAL NAME
Personal name Mcnamara, Margaret
245 ## - TITLE STATEMENT
Title The playground problem /
Statement of responsibility, etc Margaret Mcnamara.
260 ## - PUBLICATION, DISTRIBUTION, ETC. (IMPRINT)
Place of publication, distribution, etc New York :
Name of publisher, distributor, etc Scholastic,
Date of publication, distribution, etc 2004.
300 ## - PHYSICAL DESCRIPTION
Extent 32
440 ## - SERIES STATEMENT/ADDED ENTRY--TITLE
Title Ready to read
500 ## - GENERAL NOTE
General note "Level 1, starting to read"
520 ## - SUMMARY, ETC.
Summary, etc When first grades Nick, Jamie and Reza refuse to let emma join their soccer game just because she is a girl, Emma and her father devise a plan to teach the boys a lesson.
650 ## - SUBJECT ADDED ENTRY--TOPICAL TERM
Topical term or geographic name as entry element Sex role-- fiction
650 ## - SUBJECT ADDED ENTRY--TOPICAL TERM
Topical term or geographic name as entry element Schools-- fiction
650 ## - SUBJECT ADDED ENTRY--TOPICAL TERM
Topical term or geographic name as entry element Soccer- fiction
Holdings
Withdrawn status Lost status Damaged status Home library Current library Shelving location Date acquired Source of acquisition Total Checkouts Full call number Barcode Date last seen Price effective from Koha item type
      Elizalde Library Elizalde Library Teachers Reference Section 07/18/2007     TR(PS E Pl69 2004 E10459 04/12/2014 04/12/2014 Books

The playground problem /

APA

Mcnamara M., . (2004). The playground problem. New York: Scholastic.

Chicago

Mcnamara Margaret, . 2004. The playground problem. New York: Scholastic.

Harvard

Mcnamara M., . (2004). The playground problem. New York: Scholastic.

MLA

Mcnamara Margaret, . The playground problem. New York: Scholastic. 2004.

  • Place hold
  • Print
  • Cite
  • Add to your cart (remove)
  • Save record
    BIBTEX Dublin Core MARCXML MARC (non-Unicode/MARC-8) MARC (Unicode/UTF-8) MARC (Unicode/UTF-8, Standard) MODS (XML) RIS
  • More searches
    Search for this title in:
    Other Libraries (WorldCat) Other Databases (Google Scholar) Online Stores (Bookfinder.com) Open Library (openlibrary.org)

Exporting to Dublin Core...

SOUTHVILLE LIBRARY

Southville International School and Colleges Library

1281 Tropical Ave. Cor. Luxembourg St., BF Homes International, Las Pinas City

Tel. No. 8256374 / 252358 Loc. 117/146

Powered by Koha